Loading...

A confession the gospel in brief and what I believe

Bibliografiske detaljer
Main Authors: Maude, Aylmer, Tolstoy, Leo
Format: Printed Book
Udgivet: London, Oxford University Press 1971
Serier:World classics
Fag:
LEADER 006290000a22002050004500
082 |a 891.73 TOL/C L1 
100 |a Maude, Aylmer  |f Tr 
100 |a Tolstoy, Leo 
245 |a A confession the gospel in brief and what I believe 
260 |a London, Oxford University Press 
260 |c 1971 
490 |a World classics  |c 229 
650 |a Collection 
650 |a Leo Tolstoy 
650 |a Prose 
650 |a Russian literature 
650 |a Translation 
942 |c BK 
999 |c 134002  |d 133998 
952 |0 0  |1 0  |4 0  |6 891_730000000000000_TOL_C_L1  |7 0  |9 132915  |a SCP  |b SCP  |d 2014-02-11  |l 0  |o 891.73 TOL/C L1  |p SCP01011  |r 2014-02-11  |w 2014-02-11  |y BK